| Tag |
First Indicator |
Second Indicator |
Subfields |
| LEADER |
00000pam a2200000 a 4500 |
| 001 |
in00000097740 |
| 005 |
20150924085443.0 |
| 008 |
810220s1982 flua b 00100 eng |
| 010 |
|
|
|a 81001633
|
| 020 |
|
|
|a 0849361001
|
| 035 |
|
|
|a (OCoLC)07273380
|
| 035 |
|
|
|9 AAK9366AM
|
| 039 |
0 |
|
|a 2
|b 3
|c 3
|d 3
|e 3
|
| 040 |
|
|
|a DLC
|c DLC
|d TXA
|d UtOrBLW
|
| 049 |
|
|
|a TXAM
|c [1117155]
|
| 050 |
0 |
0 |
|a TK7882 P3
|b S67 1982
|
| 082 |
0 |
|
|a 621.3819/598
|2 19
|
| 245 |
0 |
0 |
|a Special computer architectures for pattern processing /
|c editors, K.S. Fu, Tadao Ichikawa.
|
| 264 |
|
1 |
|a Boca Raton, Fla. :
|b CRC Press,
|c [1982]
|
| 264 |
|
4 |
|c ©1982
|
| 300 |
|
|
|a 264 pages :
|b illustrations ;
|c 27 cm.
|
| 336 |
|
|
|a text
|b txt
|2 rdacontent
|
| 337 |
|
|
|a unmediated
|b n
|2 rdamedia
|
| 338 |
|
|
|a volume
|b nc
|2 rdacarrier
|
| 500 |
|
|
|a Preliminary materials of most chapter were presented at the 1977, 1978, and 1979 National Computer Conferences"--page 3."
|
| 504 |
|
|
|a Includes bibliographies and index.
|
| 650 |
|
0 |
|a Pattern recognition systems.
|
| 650 |
|
0 |
|a Computer architecture.
|
| 700 |
1 |
|
|a Fu, K. S.
|q (King Sun),
|d 1930-1985.
|
| 700 |
1 |
|
|a Ichikawa, Tadao.
|
| 999 |
|
|
|a MARS
|
| 999 |
f |
f |
|s d2027a50-eecb-3239-96f1-dbbb9d6510b4
|i d1ae2216-27ff-3f3f-a87e-9733abafadf0
|t 0
|
| 952 |
f |
f |
|p ric
|a Texas A&M University
|b Rellis Campus
|c Joint Library Facility
|d Remote Storage
|t 0
|e TK7882 P3 S67 1982
|h Library of Congress classification
|i unmediated -- volume
|m A14806021093
|
| 998 |
f |
f |
|a TK7882 P3 S67 1982
|t 0
|l Remote Storage
|